| 000 | 00985cam a22002774a 4500 | ||
|---|---|---|---|
| 001 | 11818353 | ||
| 005 | 20250217011256.0 | ||
| 008 | 991025s2000 at b 001 0 eng | ||
| 020 | _a1856497402 (hc.) | ||
| 020 | _a1856497410 (pbk.) | ||
| 040 |
_aDLC _cDLC _dDLC |
||
| 082 | 0 | 0 |
_a331.4 _221 |
| 100 | 1 | _aWichterich, Christa. | |
| 245 | 1 | 4 |
_aThe globalized woman : _breports from a future of inequality / _cChrista Wichterich ; translated by Patrick Camiller. |
| 260 |
_aNorth Melbourne : _bSpinifex Press ; _aLondon ; _aNew York : _bZed Books, _cc2000. |
||
| 300 | _ax, 180 p. ; | ||
| 650 | 0 | _aWomen | |
| 650 | 0 | _aUnemployed women workers. | |
| 650 | 0 | _aLabor market. | |
| 650 | 0 | _aCompetition, International. | |
| 650 | 0 | _aInternational division of labor. | |
| 856 | 4 | 2 | _uhttp://www.loc.gov/catdir/bios/hol058/99056211.html |
| 856 | 4 | 2 | _uhttp://www.loc.gov/catdir/description/hol057/99056211.html |
| 856 | 4 | 1 | _uhttp://www.loc.gov/catdir/toc/hol053/99056211.html |
| 942 | _cL | ||
| 999 |
_c5980 _d5980 |
||